| 000 | 00345nam a22001457a 4500 | ||
|---|---|---|---|
| 003 | OSt | ||
| 008 | 250507b |||||||| |||| 00| 0 eng d | ||
| 100 | _aPATHIK, Pandit Satypaal | ||
| 245 | _aPathik Bajan Sangrah Part 1 | ||
| 250 | _a15th | ||
| 260 |
_aNew Delhi _bArya Prakashan _c2015 |
||
| 300 | _a160 | ||
| 650 | _aGeneral | ||
| 942 |
_2ddc _cBK |
||
| 999 |
_c13563 _d13563 |
||